000 00760nam a2200277Ia 4500
008 170711s9999 xx 000 0 und d
020 _a439676533
050 _a910.3
050 _bH449 2004
100 _aHeckscher, Melissa
245 4 _aThe explorer's gazette :
245 _bamazing stories of 30 real-life journeys /
245 _cby Melissa Heckscher and Mark Shulman.
260 _aNew York :
260 _bScholastic,
260 _c2004
300 _bsome colored illustrations ;
300 _c26cm.
650 _aDiscoveries in geography --
650 _aDiscoveries in geography.
650 _aExplorers --
650 _xJuvenile literature.
650 _xJuvenile literature.
700 _aShulman, Mark.
700 _aTitle.
999 _c339832
_d339832